000 00590nam a2200229Ia 4500
005 20250425162526.0
008 250425s9999 xx 000 0 und d
020 _a9789942072283
041 _aspa
082 _a779
100 _aZAPATER, IRVING IVAN
245 0 _aIMAGENES RIOBAMBA: FOTOGRAFIAS DE JOSE BOLIVAR CRUZ
250 _a1A ED.
260 _aEcuador
_bCONSEJO NACIONAL DE CULTURA
_c2012
260 _aS.L.
300 _a148
500 _aCOLECCION FOTOGRAFIA DEL SIGLO XX VOLUMEN X
650 _aFOTOGRAFIA
650 _aRIOBAMBA
942 _c01
010 _a81762
999 _c230996
_d230996